| 000 | 00845nam a22002412 4500 | ||
|---|---|---|---|
| 001 | 0000024202 | ||
| 005 | 20151021151152.0 | ||
| 008 | 130618s xx 000 0 eng d | ||
| 020 | _a8178089688 : | ||
| 040 |
_aKABU _cKABU |
||
| 100 | 1 |
_aKrishnamacharyulu, C. S. G. _@0000184162 |
|
| 245 | 1 | 0 |
_aCases in rural marketing : _ban integrated approach / _cC. S. G. Krishnamacharyulu, Lalitha Ramakrishnan. |
| 250 | _a1st ed. | ||
| 260 |
_aNew Delhi : _bPearson Educ., _c2003. |
||
| 300 | _ax, 264 p. | ||
| 650 | 0 |
_aMarketing. _@0000151351 |
|
| 650 | 0 |
_aMarketing _xCase studies. _@0000151533 |
|
| 710 | 2 |
_aRamakrishnan, Lalitha. _@0000184163 |
|
| 852 | 1 | _9p1190 KES | |
| 852 | 1 | _9p1190 KES | |
| 908 | _a130618 | ||
| 950 | _@1 | ||
| 999 |
_c1441 _d1441 |
||